[Event "Regionalliga NO 1617 (Women)"]
[Site "Germany"]
[Date "2016.10.23"]
[Round "1.1"]
[White "Rogasch, Miriam"]
[Black "Fett, Sabine"]
[Result "0-1"]
[WhiteElo "1790"]
[BlackElo "1694"]
[PlyCount "52"]
[EventDate "2016.10.23"]
[EventType "team-tourn"]
[EventRounds "5"]
[EventCountry "GER"]
[SourceTitle "EXT 2018"]
[Source "ChessBase"]
[SourceDate "2017.10.13"]
[SourceVersion "1"]
[SourceVersionDate "2017.10.13"]
[SourceQuality "1"]
[WhiteTeam "Gryps (W)"]
[BlackTeam "Luebeck (W)"]
[WhiteTeamCountry "GER"]
[BlackTeamCountry "GER"]

1. e4 c6 2. d4 d5 3. Nc3 dxe4 4. Nxe4 Bf5 5. Ng3 Bg6 6. Nf3 Nf6 7. Bc4 e6 8. Ne5 Bd6 9. Bg5 Bxe5 10. dxe5 Qa5+ 11. Qd2 Qxe5+ 12. Ne2 0-0 13. 0-0-0 Ne4 14. f4 Nxd2 15. fxe5 Nxc4 16. Be7 Re8 17. Rhe1 h6 18. Bd6 Nd7 19. Nf4 Bf5 20. h3 Ndb6 21. b3 Nxd6 22. exd6 Nd5 23. Nh5 Nb4 24. c3 Nd3+ 25. Rxd3 Bxd3 26. Rd1 Be2 0-1

[Event "Mecklenburg VP LL2 Ost 1516"]
[Site "Mecklenburg VP"]
[Date "2015.11.15"]
[Round "3.2"]
[White "Rogasch, Miriam"]
[Black "Van Bentum, Horst"]
[Result "1/2-1/2"]
[WhiteElo "1828"]
[BlackElo "1925"]
[PlyCount "108"]
[EventDate "2015.09.20"]
[EventType "team-tourn"]
[EventRounds "9"]
[EventCountry "GER"]
[SourceTitle "EXT 2022"]
[Source "ChessBase"]
[SourceDate "2021.10.06"]
[SourceVersion "1"]
[SourceVersionDate "2021.10.06"]
[SourceQuality "1"]
[WhiteTeam "Gryps SV"]
[BlackTeam "Graal Mueritz"]
[WhiteTeamCountry "GER"]
[BlackTeamCountry "GER"]

1. e4 e5 2. Nf3 Nc6 3. Bb5 a6 4. Ba4 Nf6 5. 0-0 Be7 6. Re1 b5 7. Bb3 d6 8. h3 Na5 9. c3 Nxb3 10. axb3 Bb7 11. Qc2 0-0 12. d3 Nd7 13. b4 f5 14. Qb3+ Kh8 15. exf5 Bxf3 16. gxf3 Rxf5 17. Nd2 Bg5 18. Qd5 Nb6 19. Qc6 Qd7 20. Qxd7 Nxd7 21. Kg2 h6 22. Ne4 Bxc1 23. Rexc1 d5 24. Nd2 Nf6 25. c4 bxc4 26. dxc4 Rb8 27. Rxa6 Rxb4 28. b3 Nh5 29. cxd5 Nf4+ 30. Kf1 Nxd5 31. Rc5 Rd4 32. Ke1 Rh5 33. Ra8+ Kh7 34. Rd8 c6 35. Rxc6 Rxh3 36. Rcd6 Rh1+ 37. Nf1 Nb4 38. Ke2 Rhh4 39. Rxd4 Rxd4 40. Rxd4 exd4 41. f4 Kg6 42. Kf3 Kf5 43. Ng3+ Ke6 44. Ke4 d3 45. Ke3 g6 46. Kd2 h5 47. f5+ gxf5 48. Nxh5 Ke5 49. Kc3 Ke4 50. Ng3+ Kf3 51. Nxf5 Kxf2 52. Nd6 Na2+ 53. Kxd3 Nc1+ 54. Kc3 Nxb3 1/2-1/2

[Event "Mecklenburg VP LL2 Ost 1213"]
[Site "Mecklenburg VP"]
[Date "2012.11.25"]
[Round "3.4"]
[White "Friedrich, Joerg"]
[Black "Rogasch, Miriam"]
[Result "0-1"]
[WhiteElo "1685"]
[BlackElo "1635"]
[PlyCount "99"]
[EventDate "2012.10.14"]
[EventType "team-tourn"]
[EventRounds "9"]
[EventCountry "GER"]
[SourceTitle "EXT 2022"]
[Source "ChessBase"]
[SourceDate "2021.10.06"]
[SourceVersion "1"]
[SourceVersionDate "2021.10.06"]
[SourceQuality "1"]
[WhiteTeam "Neubrandenburg SG Eintracht II"]
[BlackTeam "Gryps SV"]
[WhiteTeamCountry "GER"]
[BlackTeamCountry "GER"]

1. d4 Nf6 2. Nc3 g6 3. e4 d6 4. Bg5 Bg7 5. Qd2 Nc6 6. h4 h6 7. Be3 Ng4 8. 0-0-0 f5 9. f3 Nxe3 10. Qxe3 f4 11. Qf2 Bd7 12. Bb5 e5 13. d5 Nd4 14. Bxd7+ Qxd7 15. Nge2 c5 16. g3 h5 17. gxf4 exf4 18. Qg2 0-0-0 19. Nxd4 Bxd4 20. Ne2 Be3+ 21. Kb1 Rdg8 22. Rd3 Qe7 23. Ng3 b5 24. Nf1 c4 25. Rxe3 fxe3 26. Nxe3 Qf6 27. Qh3+ Kc7 28. Rf1 g5 29. hxg5 Qxg5 30. Nf5 h4 31. Nxd6 Kxd6 32. Qe6+ Kc7 33. Qc6+ Kd8 34. Qa8+ Ke7 35. Qxa7+ Ke8 36. Qb8+ Kf7 37. Qa7+ Qe7 38. Qe3 h3 39. Qf4+ Qf6 40. Qc7+ Kg6 41. Qg3+ Qg5 42. Qd6+ Kh5 43. f4 Qg2 44. Qe5+ Kh4 45. Qf6+ Kg3 46. Qc3+ Kg4 47. Qe1 h2 48. Qd1+ Kh3 49. f5 Qg1 50. f6 0-1

[Event "Mecklenburg VP LL2 Ost 1112"]
[Site "Mecklenburg VP"]
[Date "2012.04.15"]
[Round "9.7"]
[White "Rogasch, Miriam"]
[Black "Schmekel, Felix"]
[Result "1-0"]
[WhiteElo "1686"]
[BlackElo "1446"]
[PlyCount "64"]
[EventDate "2011.10.02"]
[EventType "team-tourn"]
[EventRounds "9"]
[EventCountry "GER"]
[SourceTitle "EXT 2022"]
[Source "ChessBase"]
[SourceDate "2021.10.06"]
[SourceVersion "1"]
[SourceVersionDate "2021.10.06"]
[SourceQuality "1"]
[WhiteTeam "Gryps SV"]
[BlackTeam "Torgelow Droegeheide II"]
[WhiteTeamCountry "GER"]
[BlackTeamCountry "GER"]

1. e4 g6 2. d4 Bg7 3. Bc4 d6 4. Nf3 e6 5. Be3 a6 6. a4 Ne7 7. Nc3 d5 8. Bd3 0-0 9. Qd2 c5 10. Bh6 c4 11. Be2 Nbc6 12. h4 dxe4 13. Bxg7 Kxg7 14. Nxe4 Nf5 15. Rd1 b5 16. h5 Rh8 17. Qf4 Nb4 18. h6+ Kf8 19. Qe5 Rg8 20. Nf6 Rh8 21. Ng5 Nxc2+ 22. Kf1 Bb7 23. Nfxh7+ Ke7 24. Qf6+ Kd7 25. Qxf7+ Qe7 26. Nf6+ Kd6 27. d5 exd5 28. Nxd5 Qxg5 29. Qc7+ Ke6 30. Nf4+ Kf6 31. Qb6+ Ke5 32. Nxg6+ Ke4 1-0

[Event "GER-chT Nord-Ost U20 U20 1112"]
[Site "Germany"]
[Date "2011.11.12"]
[Round "3.3"]
[White "Schmidek, Emil"]
[Black "Rogasch, Miriam"]
[Result "1/2-1/2"]
[WhiteElo "1786"]
[BlackElo "1648"]
[PlyCount "99"]
[EventDate "2011.09.24"]
[EventType "team-tourn"]
[EventRounds "9"]
[EventCountry "GER"]
[SourceTitle "EXT 2015"]
[Source "ChessBase"]
[SourceDate "2014.11.20"]
[SourceVersion "1"]
[SourceVersionDate "2014.11.20"]
[SourceQuality "1"]

1. e4 e5 2. Nf3 Nc6 3. Bb5 a6 4. Ba4 Nf6 5. d3 b5 6. Bb3 Bc5 7. 0-0 d6 8. c3 Bg4 9. Re1 Qd7 10. Nbd2 0-0-0 11. a4 b4 12. a5 Bh5 13. Ba4 Ng4 14. Rf1 Bxf2+ 15. Rxf2 Nxf2 16. Kxf2 d5 17. Qb3 dxe4 18. dxe4 Qd6 19. Bxc6 Qc5+ 20. Ke2 Qxc6 21. Qxb4 Rd6 22. Kf2 f6 23. Nc4 Rd1 24. Ne3 Rd3 25. Nd5 Re8 26. Ra4 f5 27. Qc4 Qxc4 28. Rxc4 fxe4 29. Nxc7 Rg8 30. Nxa6+ Kd8 31. Bg5+ Ke8 32. Nxe5 Rf8+ 33. Nf3 exf3 34. Re4+ Kf7 35. Rf4+ Kg8 36. Rxf8+ Kxf8 37. gxf3 Rxf3+ 38. Kg2 Rf5 39. Bd8 Rd5 40. Bb6 Rd2+ 41. Kg3 Rxb2 42. c4 Be2 43. Bc5+ Kf7 44. Nc7 Bxc4 45. a6 Bxa6 46. Nxa6 g5 47. Nb4 h5 48. Bd6 Ke6 49. Bf8 Kf5 50. Nc6 1/2-1/2

[Event "GER-ch U18 Girls"]
[Site "Oberhof"]
[Date "2011.06.14"]
[Round "5"]
[White "Koelbl, Ines"]
[Black "Rogasch, Miriam"]
[Result "1/2-1/2"]
[WhiteElo "1808"]
[BlackElo "1795"]
[PlyCount "56"]
[EventDate "2011.06.11"]
[EventType "swiss"]
[EventRounds "9"]
[EventCountry "GER"]
[SourceTitle "CBM 142 Extra"]
[Source "ChessBase"]
[SourceDate "2011.06.27"]
[SourceVersion "1"]
[SourceVersionDate "2011.06.27"]
[SourceQuality "1"]

1. d4 Nf6 2. c4 g6 3. Nc3 Bg7 4. e4 d6 5. f4 e5 6. fxe5 dxe5 7. d5 Nbd7 8. Nf3 0-0 9. Be2 Qe7 10. 0-0 Nb6 11. Kh1 Bg4 12. a3 a5 13. Be3 Nc8 14. c5 b6 15. cxb6 cxb6 16. Nb5 Nxe4 17. Rc1 Nc5 18. Bxc5 bxc5 19. d6 Qd8 20. Rxc5 Ra6 21. Rd5 Be6 22. Rd2 Bh6 23. Rc2 Nxd6 24. Nc7 Rb6 25. Nxe6 fxe6 26. Nxe5 Nf5 27. Qd7 Rd6 28. Qb7 Rb6 1/2-1/2

[Event "Mecklenburg VP VL 1011"]
[Site "Mecklenburg VP"]
[Date "2011.03.20"]
[Round "8.7"]
[White "Rogasch, Miriam"]
[Black "Schroeder, Christian"]
[Result "0-1"]
[WhiteElo "1642"]
[BlackElo "1842"]
[PlyCount "62"]
[EventDate "2010.10.10"]
[EventType "team-tourn"]
[EventRounds "9"]
[EventCountry "GER"]
[SourceTitle "EXT 2022"]
[Source "ChessBase"]
[SourceDate "2021.10.06"]
[SourceVersion "1"]
[SourceVersionDate "2021.10.06"]
[SourceQuality "1"]
[WhiteTeam "Gryps SV"]
[BlackTeam "Rostock HSG Uni"]
[WhiteTeamCountry "GER"]
[BlackTeamCountry "GER"]

1. e4 c5 2. Nf3 d6 3. d4 cxd4 4. Nxd4 a6 5. Nc3 e5 6. Nf3 Nf6 7. Be2 Be7 8. 0-0 b5 9. Bg5 0-0 10. Re1 Nbd7 11. Nd2 Bb7 12. Bf3 Rc8 13. Nf1 h6 14. Bd2 Qc7 15. Rc1 Nb6 16. Ng3 Nc4 17. Nd5 Nxd5 18. exd5 Nxb2 19. Qe2 f5 20. Bh5 Bxd5 21. Bg6 f4 22. Nf5 Be6 23. Qh5 Qd7 24. g4 fxg3 25. Nxg7 gxf2+ 26. Kh1 Bg4 27. Be4 fxe1Q+ 28. Rxe1 Bxh5 29. Nxh5 Bg5 30. Rg1 Qa7 31. h4 Qxg1+ 0-1

[Event "Mecklenburg VP-ch U18"]
[Site "Malchow"]
[Date "2011.02.07"]
[Round "4.7"]
[White "Pererva, Viktor"]
[Black "Rogasch, Miriam"]
[Result "1-0"]
[WhiteElo "1962"]
[BlackElo "1799"]
[PlyCount "59"]
[EventDate "2011.02.05"]
[EventType "swiss"]
[EventRounds "7"]
[EventCountry "GER"]
[SourceTitle "EXT 2022"]
[Source "ChessBase"]
[SourceDate "2021.10.06"]
[SourceVersion "1"]
[SourceVersionDate "2021.10.06"]
[SourceQuality "1"]

1. e4 e5 2. Nf3 Nc6 3. Bb5 a6 4. Ba4 Nf6 5. 0-0 Be7 6. Re1 b5 7. Bb3 0-0 8. h3 Bb7 9. d3 d5 10. exd5 Nxd5 11. Nxe5 Nxe5 12. Rxe5 Qd6 13. Re1 Bh4 14. Qg4 Rae8 15. Bd2 Qf6 16. Rf1 g6 17. Nc3 h5 18. Nxd5 Bxd5 19. Qf4 Bxb3 20. axb3 Re2 21. Qxf6 Bxf6 22. Bb4 Rfe8 23. Rxa6 Bxb2 24. Rc6 Be5 25. g3 Ra8 26. Re1 Rxe1+ 27. Bxe1 Ra1 28. Kf1 Rc1 29. Ke2 Bd6 30. Ba5 1-0

[Event "Mecklenburg VP-ch U18"]
[Site "Malchow"]
[Date "2011.02.07"]
[Round "5.9"]
[White "Rogasch, Miriam"]
[Black "Steinke, Paul"]
[Result "1/2-1/2"]
[WhiteElo "1799"]
[BlackElo "960"]
[PlyCount "91"]
[EventDate "2011.02.05"]
[EventType "swiss"]
[EventRounds "7"]
[EventCountry "GER"]
[SourceTitle "EXT 2022"]
[Source "ChessBase"]
[SourceDate "2021.10.06"]
[SourceVersion "1"]
[SourceVersionDate "2021.10.06"]
[SourceQuality "1"]

1. e4 d5 2. exd5 Qxd5 3. Nc3 Qa5 4. d4 Nf6 5. Bd2 c6 6. Bc4 Bf5 7. Nf3 Qc7 8. Qe2 e6 9. 0-0-0 Nbd7 10. Nh4 Bg6 11. Nxg6 hxg6 12. Qf3 0-0-0 13. g4 Nb6 14. Bf4 Bd6 15. Bxd6 Qxd6 16. Bb3 Rxh2 17. Rxh2 Qxh2 18. g5 Nh7 19. Rh1 Nxg5 20. Rxh2 Nxf3 21. Rh7 Nxd4 22. Rxg7 Nxb3+ 23. axb3 f5 24. Rxg6 e5 25. Re6 Nd7 26. Ne2 Rh8 27. Kd2 f4 28. Ng1 Rh1 29. Nf3 Rf1 30. Ke2 Rb1 31. Nxe5 Nxe5 32. Rxe5 Rxb2 33. Kd2 Rb1 34. Rf5 Rf1 35. Rxf4 b5 36. Rf7 a5 37. f4 a4 38. bxa4 bxa4 39. Kc3 a3 40. Kb3 Rf3+ 41. Ka2 Rc3 42. f5 Rxc2+ 43. Kxa3 Kd8 44. Kb4 Ke8 45. Rc7 Rf2 46. Rxc6 1/2-1/2

[Event "GER-chT DLM U20"]
[Site "Stuttgart"]
[Date "2010.11.17"]
[Round "2.5"]
[White "Baskin, Robert"]
[Black "Rogasch, Miriam"]
[Result "1/2-1/2"]
[WhiteElo "1821"]
[BlackElo "1559"]
[PlyCount "105"]
[EventDate "2010.11.17"]
[EventType "team-tourn"]
[EventRounds "7"]
[EventCountry "GER"]
[SourceTitle "EXT 2022"]
[Source "ChessBase"]
[SourceDate "2021.10.06"]
[SourceVersion "1"]
[SourceVersionDate "2021.10.06"]
[SourceQuality "1"]
[WhiteTeam "Hessen U20 II"]
[BlackTeam "Mecklenburg-Vorpommern U20"]
[WhiteTeamCountry "GER"]
[BlackTeamCountry "GER"]

1. e4 e5 2. Nf3 Nc6 3. Bb5 a6 4. Ba4 Nf6 5. d3 Be7 6. 0-0 b5 7. Bb3 0-0 8. c3 d6 9. h3 Na5 10. Bc2 c5 11. d4 Qc7 12. d5 Bd7 13. Re1 c4 14. Nbd2 Nb7 15. Nf1 Nc5 16. Ng3 Qb7 17. Be3 Rac8 18. b4 Na4 19. Bxa4 bxa4 20. Nh2 Ne8 21. Qf3 g6 22. Ng4 f5 23. exf5 gxf5 24. Nh6+ Kh8 25. Nh5 f4 26. Bxf4 Nf6 27. Bxe5 dxe5 28. Rxe5 Bd6 29. Rg5 Bg4 30. hxg4 Nxh5 31. Rf5 Nf4 32. g3 Qg7 33. Rxf8+ Rxf8 34. Nf5 Nh3+ 35. Kg2 Nf4+ 36. Kf1 Nd3 37. Qxd3 cxd3 38. Nxg7 Kxg7 39. Rd1 Bxg3 40. Kg2 Bxf2 41. Rxd3 Be1 42. d6 Rf2+ 43. Kh3 Rd2 44. Re3 Rd1 45. a3 Rxd6 46. Rxe1 Rd3+ 47. Kg2 Rxc3 48. Re6 Rxa3 49. Rxa6 Ra2+ 50. Kf1 a3 51. b5 Rb2 52. Rxa3 Rxb5 53. Kg2 1/2-1/2

[Event "GER-chT DLM U20"]
[Site "Stuttgart"]
[Date "2010.11.17"]
[Round "1.5"]
[White "Rogasch, Miriam"]
[Black "Kuckling, Hannah"]
[Result "0-1"]
[WhiteElo "1559"]
[BlackElo "1872"]
[PlyCount "97"]
[EventDate "2010.11.17"]
[EventType "team-tourn"]
[EventRounds "7"]
[EventCountry "GER"]
[SourceTitle "EXT 2022"]
[Source "ChessBase"]
[SourceDate "2021.10.06"]
[SourceVersion "1"]
[SourceVersionDate "2021.10.06"]
[SourceQuality "1"]
[WhiteTeam "Mecklenburg-Vorpommern U20"]
[BlackTeam "Nordrhein Westfalen U20"]
[WhiteTeamCountry "GER"]
[BlackTeamCountry "GER"]

1. e4 c5 2. Nf3 e6 3. c4 Nc6 4. d4 cxd4 5. Nxd4 Nf6 6. Nc3 Bb4 7. Ndb5 Nxe4 8. Qg4 Nxc3 9. bxc3 Bf8 10. Bf4 e5 11. 0-0-0 d6 12. Qe2 Be7 13. c5 0-0 14. cxd6 exf4 15. dxe7 Qxe7 16. Qxe7 Nxe7 17. Bc4 Nc6 18. Rhe1 Bf5 19. Nd6 Bg6 20. Nxb7 Rab8 21. Rd7 Nd8 22. Ree7 Nxb7 23. Rxb7 Rxb7 24. Rxb7 Be4 25. Rxa7 Bxg2 26. a4 g6 27. Bb5 Rc8 28. Kb2 Rb8 29. Re7 Kf8 30. Re1 Bd5 31. Ka3 Rc8 32. Kb4 Rb8 33. c4 Be6 34. a5 Ke7 35. a6 Kd6 36. Ka5 Kc5 37. Re5+ Kd4 38. Rxe6 fxe6 39. a7 Ra8 40. Kb6 e5 41. Bc6 Rxa7 42. Kxa7 Kxc4 43. Be4 Kd4 44. f3 Kc3 45. Kb6 g5 46. Kc5 g4 47. Kd5 g3 48. hxg3 fxg3 49. f4 0-1

[Event "Mecklenburg VP VL 1011"]
[Site "Mecklenburg VP"]
[Date "2010.10.10"]
[Round "1.7"]
[White "Rogasch, Miriam"]
[Black "Danilov, Vladimir1111"]
[Result "0-1"]
[WhiteElo "1642"]
[BlackElo "1860"]
[PlyCount "80"]
[EventDate "2010.10.10"]
[EventType "team-tourn"]
[EventRounds "9"]
[EventCountry "GER"]
[SourceTitle "EXT 2022"]
[Source "ChessBase"]
[SourceDate "2021.10.06"]
[SourceVersion "1"]
[SourceVersionDate "2021.10.06"]
[SourceQuality "1"]
[WhiteTeam "Gryps SV"]
[BlackTeam "Greifswald II"]
[WhiteTeamCountry "GER"]
[BlackTeamCountry "GER"]

1. e4 e5 2. Nf3 Nc6 3. Nc3 Nf6 4. d4 exd4 5. Nxd4 Bb4 6. Nxc6 bxc6 7. Bd3 d5 8. Bd2 0-0 9. 0-0 Bxc3 10. Bxc3 Nxe4 11. Bxe4 dxe4 12. Qxd8 Rxd8 13. Ba5 Bg4 14. Bxc7 Rd2 15. Rac1 f5 16. Bf4 Rd7 17. Rfe1 Kf7 18. h3 Bh5 19. c4 Rad8 20. c5 Rd1 21. Bd6 Rxe1+ 22. Rxe1 Kf6 23. b4 Bf7 24. a4 Bc4 25. Rb1 a6 26. Rc1 Bb3 27. Ra1 Rd7 28. b5 cxb5 29. axb5 axb5 30. Ra6 Kf7 31. Bb8 Rd8 32. Rb6 Bc4 33. c6 Rc8 34. c7 Ke7 35. Kh2 f4 36. Rc6 e3 37. fxe3 fxe3 38. Rc5 Ke6 39. Kg3 e2 40. Rxc4 e1Q+ 0-1

[Event "GER-ch U16 Girls"]
[Site "Oberhof"]
[Date "2010.05.29"]
[Round "9"]
[White "Rogasch, Miriam"]
[Black "Moeller, Nadine"]
[Result "1-0"]
[WhiteElo "1884"]
[BlackElo "1042"]
[PlyCount "127"]
[EventDate "2010.05.22"]
[EventType "swiss"]
[EventRounds "9"]
[EventCountry "GER"]
[SourceTitle "CBM 136 Extra"]
[Source "ChessBase"]
[SourceDate "2010.07.02"]
[SourceVersion "2"]
[SourceVersionDate "2010.07.15"]
[SourceQuality "1"]

1. e4 d5 2. exd5 Qxd5 3. Nc3 Qa5 4. d4 c6 5. Bc4 Nf6 6. Bd2 Qc7 7. Qe2 Bf5 8. 0-0-0 e6 9. Bb3 Nbd7 10. Nf3 0-0-0 11. Nh4 Bg6 12. Nxg6 hxg6 13. Qf3 Nb6 14. Ne2 Nbd5 15. c4 Nb6 16. Kb1 c5 17. Nc3 a6 18. Be3 Be7 19. d5 exd5 20. cxd5 Bd6 21. h3 Be5 22. Ne4 c4 23. Nxf6 gxf6 24. Rc1 Kb8 25. Bxb6 Qxb6 26. Rxc4 Rc8 27. Rhc1 Rxc4 28. Rxc4 Rc8 29. Rxc8+ Kxc8 30. Qe3 Qxe3 31. fxe3 Kd7 32. Kc2 g5 33. e4 Kd6 34. Bc4 b5 35. Be2 Ke7 36. b4 Kd7 37. Kb3 Kc7 38. Bh5 Kb6 39. Bxf7 a5 40. bxa5+ Kxa5 41. Bh5 b4 42. Kc4 Bd6 43. Bd1 Be7 44. Kd4 Bd6 45. Ke3 Kb5 46. Kf3 Kc5 47. g3 Kd4 48. Bb3 Ke5 49. h4 gxh4 50. gxh4 f5 51. exf5 Kxf5 52. Ba4 Ke5 53. Bc6 Kf5 54. Bd7+ Ke5 55. Be6 Kf6 56. h5 Kg5 57. Bf7 Bf8 58. Ke4 Kf6 59. Bg6 Ke7 60. Kf5 Bg7 61. Bh7 Kf7 62. d6 Bf6 63. h6 Bc3 64. Bg6+ 1-0

[Event "GER-ch U16 Girls"]
[Site "Oberhof"]
[Date "2010.05.28"]
[Round "8"]
[White "Zeller, Elisa"]
[Black "Rogasch, Miriam"]
[Result "1-0"]
[WhiteElo "1708"]
[BlackElo "1884"]
[PlyCount "113"]
[EventDate "2010.05.22"]
[EventType "swiss"]
[EventRounds "9"]
[EventCountry "GER"]
[SourceTitle "CBM 136 Extra"]
[Source "ChessBase"]
[SourceDate "2010.07.02"]
[SourceVersion "2"]
[SourceVersionDate "2010.07.15"]
[SourceQuality "1"]

1. e4 e5 2. Nf3 Nc6 3. Bb5 a6 4. Ba4 Nf6 5. 0-0 Be7 6. Re1 b5 7. Bb3 0-0 8. d4 d6 9. c3 Bg4 10. d5 Na5 11. Bc2 Qc8 12. Nbd2 Ne8 13. Nf1 f5 14. exf5 Bxf5 15. Ng3 Bxc2 16. Qxc2 c5 17. dxc6 Qxc6 18. Bg5 Rxf3 19. Bxe7 Rf7 20. Bg5 Nf6 21. Rad1 Raf8 22. f3 Nd5 23. Qd3 Qb6+ 24. Kh1 Nc7 25. Qxd6 Qxd6 26. Rxd6 Nc4 27. Rc6 Nxb2 28. Rxe5 h6 29. Be7 Nc4 30. Re2 Rc8 31. Bd6 Rd7 32. Nf5 Rcd8 33. h3 Nxd6 34. Nxd6 Rxd6 35. Rxc7 R8d7 36. Rxd7 Rxd7 37. Rc2 Rc7 38. Kg1 Rc4 39. Kf2 Kf7 40. Ke2 Ke6 41. Kd3 Kf5 42. g3 g5 43. Re2 h5 44. Re4 Rc6 45. Rd4 Re6 46. Kd2 Re5 47. a3 Rc5 48. Kd3 Ke5 49. h4 Kf5 50. hxg5 Kxg5 51. c4 Rf5 52. Rd5 bxc4+ 53. Kxc4 Rxd5 54. Kxd5 h4 55. gxh4+ Kxh4 56. f4 Kg4 57. Ke5 1-0

[Event "Mecklenburg VP-ch U16"]
[Site "Malchow"]
[Date "2010.02.??"]
[Round "1.6"]
[White "Mamedow, Emil"]
[Black "Rogasch, Miriam"]
[Result "0-1"]
[WhiteElo "1284"]
[BlackElo "1911"]
[PlyCount "42"]
[EventDate "2010.02.10"]
[EventType "swiss"]
[EventRounds "7"]
[EventCountry "GER"]
[SourceTitle "EXT 2022"]
[Source "ChessBase"]
[SourceDate "2021.10.06"]
[SourceVersion "1"]
[SourceVersionDate "2021.10.06"]
[SourceQuality "1"]

1. d4 Nf6 2. Nf3 g6 3. g3 Bg7 4. Bg2 d6 5. 0-0 0-0 6. b3 Nc6 7. Bb2 Re8 8. Nbd2 e5 9. dxe5 dxe5 10. Nc4 Bg4 11. Ncxe5 Nxe5 12. Nxe5 Qxd1 13. Rfxd1 Bxe2 14. Rd2 Ba6 15. Nd3 Rad8 16. Rad1 b6 17. Nf4 Rxd2 18. Rxd2 Re1+ 19. Bf1 Bxf1 20. Rd8+ Ne8 21. Bxg7 Bh3# 0-1

[Event "Mecklenburg VP-ch U16"]
[Site "Malchow"]
[Date "2010.02.??"]
[Round "4.5"]
[White "Rogasch, Miriam"]
[Black "Wittenburg, Philipp"]
[Result "1-0"]
[WhiteElo "1911"]
[BlackElo "1111"]
[PlyCount "77"]
[EventDate "2010.02.10"]
[EventType "swiss"]
[EventRounds "7"]
[EventCountry "GER"]
[SourceTitle "EXT 2022"]
[Source "ChessBase"]
[SourceDate "2021.10.06"]
[SourceVersion "1"]
[SourceVersionDate "2021.10.06"]
[SourceQuality "1"]

1. e4 c5 2. Nc3 e6 3. Nge2 Nc6 4. d4 cxd4 5. Nxd4 Qc7 6. Be3 a6 7. g3 Nf6 8. Bg2 Be7 9. 0-0 0-0 10. Qe2 d6 11. Rad1 Bd7 12. Nb1 Rfd8 13. c3 Nxd4 14. Bxd4 Bb5 15. Qe3 Bxf1 16. Bb6 Qd7 17. Bxd8 Bxg2 18. Bxe7 Qxe7 19. Kxg2 d5 20. exd5 Rd8 21. c4 h6 22. Nc3 Qb4 23. Qe2 Qc5 24. Ne4 Nxe4 25. Qxe4 exd5 26. Rxd5 Rxd5 27. cxd5 Kf8 28. b4 Qb5 29. Qd4 a5 30. Qc5+ Qxc5 31. bxc5 Ke7 32. Kf3 Kf6 33. Ke4 g6 34. Kd4 a4 35. Kc4 Ke5 36. d6 Ke6 37. Kb5 Kd7 38. Kb6 Kc8 39. d7+ 1-0

[Event "Mecklenburg VP-ch U16"]
[Site "Malchow"]
[Date "2010.02.??"]
[Round "2.1"]
[White "Rogasch, Miriam"]
[Black "Wolf, Christoph"]
[Result "0-1"]
[WhiteElo "1911"]
[BlackElo "1980"]
[PlyCount "70"]
[EventDate "2010.02.10"]
[EventType "swiss"]
[EventRounds "7"]
[EventCountry "GER"]
[SourceTitle "EXT 2022"]
[Source "ChessBase"]
[SourceDate "2021.10.06"]
[SourceVersion "1"]
[SourceVersionDate "2021.10.06"]
[SourceQuality "1"]

1. e4 g6 2. d4 Bg7 3. Nf3 c6 4. Nc3 d5 5. Bf4 Nf6 6. Bd3 Na6 7. a3 0-0 8. Qd2 dxe4 9. Nxe4 Nxe4 10. Bxe4 c5 11. 0-0-0 cxd4 12. Bh6 Nc5 13. Bxg7 Kxg7 14. Qxd4+ Qxd4 15. Rxd4 Be6 16. Ng5 Rac8 17. Nxe6+ fxe6 18. Rc4 b5 19. Rb4 a5 20. Rxb5 Nxe4 21. f3 Rc5 22. Rb7 Nd6 23. Rxe7+ Kf6 24. Rxh7 Rfc8 25. c3 Re5 26. Rd1 Nc4 27. Rd4 Re1+ 28. Kc2 Re2+ 29. Kd3 Rd2+ 30. Ke4 Rxb2 31. g4 Re2+ 32. Kd3 Re3+ 33. Kc2 Nxa3+ 34. Kb2 Rcxc3 35. f4 Re2+ 0-1

[Event "Mecklenburg VP LL2 Ost 0910"]
[Site "Mecklenburg VP"]
[Date "2010.01.24"]
[Round "5.8"]
[White "Boesenberg, Heiko"]
[Black "Rogasch, Miriam"]
[Result "0-1"]
[WhiteElo "1609"]
[BlackElo "1570"]
[PlyCount "66"]
[EventDate "2009.10.18"]
[EventType "team-tourn"]
[EventRounds "9"]
[EventCountry "GER"]
[SourceTitle "EXT 2016"]
[Source "ChessBase"]
[SourceDate "2015.10.08"]
[SourceVersion "1"]
[SourceVersionDate "2015.10.08"]
[SourceQuality "1"]
[WhiteTeam "Wolgast Motor"]
[BlackTeam "Gryps SV"]
[WhiteTeamCountry "GER"]
[BlackTeamCountry "GER"]

1. d4 Nf6 2. c4 g6 3. Nc3 Bg7 4. Nf3 d6 5. Qc2 0-0 6. e3 Nc6 7. a3 e5 8. d5 Ne7 9. e4 Ne8 10. Be2 f5 11. 0-0 Kh8 12. b4 a6 13. c5 fxe4 14. Nxe4 Nxd5 15. Rd1 Nf4 16. cxd6 cxd6 17. Bxf4 Rxf4 18. Bc4 Bf5 19. Bd5 Nf6 20. Nxe5 dxe5 21. Bxb7 Qf8 22. Bxa8 Qxa8 23. f3 Nxe4 24. Qc7 Bf6 25. fxe4 Qxe4 26. Qc5 Kg7 27. Ra2 Bg4 28. Rc1 Qd4+ 29. Qxd4 exd4 30. Rd2 Bg5 31. Rc7+ Kh6 32. h3 Rf6 33. Rf2 Be3 0-1

[Event "GER-chT U20 Girls "]
[Site "Chemnitz"]
[Date "2009.12.30"]
[Round "7.1"]
[White "Sonnhalter, Stella"]
[Black "Rogasch, Miriam"]
[Result "1/2-1/2"]
[WhiteElo "1730"]
[BlackElo "1911"]
[PlyCount "73"]
[EventDate "2009.12.27"]
[EventType "team-swiss"]
[EventRounds "7"]
[EventCountry "GER"]
[SourceTitle "EXT 2022"]
[Source "ChessBase"]
[SourceDate "2021.10.06"]
[SourceVersion "1"]
[SourceVersionDate "2021.10.06"]
[SourceQuality "1"]
[WhiteTeam "Heusweiler SC Reti U20 Girls"]
[BlackTeam "Gryps SV U20 Girls"]
[WhiteTeamCountry "GER"]
[BlackTeamCountry "GER"]

1. e4 e5 2. Nf3 Nc6 3. Bc4 Nf6 4. d3 Be7 5. c3 d5 6. exd5 Nxd5 7. 0-0 0-0 8. Re1 Be6 9. Nxe5 Nxe5 10. Rxe5 Nxc3 11. Nxc3 Bf6 12. Rxe6 fxe6 13. Bxe6+ Kh8 14. Be3 Bxc3 15. bxc3 Qf6 16. Bc4 Qxc3 17. Rc1 Qf6 18. Qg4 Rad8 19. Qg3 c6 20. Rb1 Rd7 21. a4 b5 22. Bg5 Qc3 23. axb5 cxb5 24. Bxb5 Rb7 25. Rc1 Qb2 26. Bc4 a5 27. Re1 a4 28. Bf4 Re7 29. Be3 a3 30. Qh4 Rfe8 31. h3 a2 32. Bxa2 Qxa2 33. Rc1 Qa3 34. Qc4 Rd7 35. d4 Qd6 36. Rd1 Rc7 37. Qb5 1/2-1/2